Honeygan-Green v LB Islington (Record no. 80235)
[ view plain ]
| 000 -LEADER | |
|---|---|
| fixed length control field | 01812cab a22002175a 4500 |
| 001 - CONTROL NUMBER | |
| control field | L143586 |
| 008 - FIXED-LENGTH DATA ELEMENTS--GENERAL INFORMATION | |
| fixed length control field | 080520e20080422xxk f v 000 0 eng d |
| 035 ## - SYSTEM CONTROL NUMBER | |
| System control number | (Sirsi) u143586 |
| 041 0# - LANGUAGE CODE | |
| Language code of text/sound track or separate title | eng |
| 245 00 - TITLE STATEMENT | |
| Title | Honeygan-Green v LB Islington |
| Medium | [electronic resource] |
| 260 ## - PUBLICATION, DISTRIBUTION, ETC. | |
| Date of publication, distribution, etc. | 2008 |
| 520 ## - SUMMARY, ETC. | |
| Summary, etc. | [2008] EWCA Civ 363, 22 April 2008. Considered whether a long lease could be transferred to a tenant under the right to buy scheme once her secure tenancy was revived. The appellant tenant (H) had lost her secure tenancy with her local authority landlord (I) due to rent arrears. It was ruled on appeal that H's right to buy was forfeited along with this (L140943), and in light of the fact I had obtained a possession order. H argued that each step she had taken had been in effect an exercise of her right to buy. The judge had found circumstances relevant to section 138 of the Housing Act 1985 to be persuasive, but this had not been brought before him by I. Consequently he was not in full possession of the facts. H also argued that there were now no outstanding matters to prevent the granting of right to buy. "Held": It was for the court to decide whether the tenant should start purchase proceedings afresh if circumstances warranted it. Such judiciary discretion was wide. In H's circumstances it was not deemed necessary. The judge had erred in using section 138 as a deciding factor. Appeal allowed. |
| 590 ## - LOCAL NOTE (RLIN) | |
| Local note | KA |
| 650 24 - SUBJECT ADDED ENTRY--TOPICAL TERM | |
| Topical term or geographic name entry element | HONEYGAN-GREEN V ISLINGTON LBC |
| 650 24 - SUBJECT ADDED ENTRY--TOPICAL TERM | |
| Topical term or geographic name entry element | ISLINGTON LBC V HONEYGAN-GREEN |
| 650 24 - SUBJECT ADDED ENTRY--TOPICAL TERM | |
| Topical term or geographic name entry element | HOUSING ACT 1985 |
| 651 #4 - SUBJECT ADDED ENTRY--GEOGRAPHIC NAME | |
| Geographic name | England and Wales |
| Chronological subdivision | 1543- |
| 690 ## - LOCAL SUBJECT ADDED ENTRY--TOPICAL TERM (OCLC, RLIN) | |
| Topical term or geographic name as entry element | PROPERTY-RESIDENTIAL PROPERTY-OWNER-OCCUPIED RESIDENTIAL PROPERTY |
| 856 40 - ELECTRONIC LOCATION AND ACCESS | |
| Uniform Resource Identifier | <a href="https://www.bailii.org/ew/cases/EWCA/Civ/2008/363.html">https://www.bailii.org/ew/cases/EWCA/Civ/2008/363.html</a> |
| Public note | View the judgment free of charge at www.bailii.org... |
| 942 ## - ADDED ENTRY ELEMENTS (KOHA) | |
| Suppress in OPAC | 0 |
| Withdrawn status | Lost status | Source of classification or shelving scheme | Damaged status | Not for loan | Home library | Current library | Shelving location | Date acquired | Total Checkouts | Full call number | Barcode | Date last seen | Copy number | Price effective from | Koha item type |
|---|---|---|---|---|---|---|---|---|---|---|---|---|---|---|---|
| Dewey Decimal Classification | Virtual | Virtual | Online | 20/05/2008 | ONLINE PUBLICATION | 143586-1001 | 06/08/2019 | 1 | 06/08/2019 | Law report |